Neighbourhoods to get more say over regeneration cash (Record no. 73378)

MARC details
000 -LEADER
fixed length control field 01049cam a2200205 4500
001 - CONTROL NUMBER
control field WB3934-19
008 - FIXED-LENGTH DATA ELEMENTS--GENERAL INFORMATION
fixed length control field 030910n2003 000 0 eng u
035 ## - SYSTEM CONTROL NUMBER
System control number (Sirsi) u123543
245 ## - TITLE STATEMENT
Title Neighbourhoods to get more say over regeneration cash
260 ## - PUBLICATION, DISTRIBUTION, ETC.
Date of publication, distribution, etc. 2003
490 ## - SERIES STATEMENT
Series statement Regeneration and Renewal
Volume/sequential designation 5 September 2003, 9(1)
520 ## - SUMMARY, ETC.
Summary, etc. Scottish Executive's regeneration agency announces plans to devolve decisions on the allocation of regeneration resources to local people. This was further enhanced by guidance last week which showed how Scotland's 48 social inclusion partnerships will be integrated with community planning partnerships by 2005. For the full report: Integrating Social Inclusion Partnerships and Community Planning Partnerships: http://www.communitiesscotland.gov.uk/communities/upload/SIPsCPPs.pdf
590 ## - LOCAL NOTE (RLIN)
Local note WB
650 ## - SUBJECT ADDED ENTRY--TOPICAL TERM
Topical term or geographic name entry element COMMUNITIES SCOTLAND
650 ## - SUBJECT ADDED ENTRY--TOPICAL TERM
Topical term or geographic name entry element SOCIAL INCLUSION PARTNERSHIPS
650 ## - SUBJECT ADDED ENTRY--TOPICAL TERM
Topical term or geographic name entry element COMMUNITY PLANNING PARTNERSHIPS
650 ## - SUBJECT ADDED ENTRY--TOPICAL TERM
Topical term or geographic name entry element LOCAL COMMUNITIES
690 ## - LOCAL SUBJECT ADDED ENTRY--TOPICAL TERM (OCLC, RLIN)
Topical term or geographic name as entry element REGENERATION
942 ## - ADDED ENTRY ELEMENTS (KOHA)
Suppress in OPAC 0
Holdings
Withdrawn status Lost status Source of classification or shelving scheme Damaged status Not for loan Home library Current library Shelving location Date acquired Total Checkouts Full call number Barcode Date last seen Copy number Price effective from Koha item type
    Dewey Decimal Classification     London London News article 10/09/2003   WB3934-19 123543-1001 06/08/2019 1 06/08/2019 News article